[Event "35th Cannes FIJ Open 2022"]
[Site "Cannes"]
[Date "2022.02.23"]
[Round "4.2"]
[White "Philippe, Guillaume"]
[Black "Maurizzi, Marc Andria"]
[Result "0-1"]
[WhiteElo "2411"]
[BlackElo "2502"]
[Annotator "TA"]
[PlyCount "68"]
[EventDate "2022.02.21"]
[EventType "swiss"]
[EventCountry "FRA"]
[SourceTitle "playchess.com"]
[Source "ChessBase"]
[SourceQuality "1"]

{[%evp 10,68,14,8,20,-21,-10,-27,-19,-46,-19,-91,-93,-114,-91,-123,-117,-132,-135,-154,-159,-154,-155,-150,-158,-203,-151,-138,-155,-195,-172,-309,-311,-310,-307,-423,-421,-386,-305,-308,-293,-298,-280,-339,-338,-318,-217,-274,-281,-266,-266,-252,-250,-343,-346,-349,-350,-531,-522,-531,-460]} 1. e4 e5 2. Nf3 Nf6 3. d3 Nc6 4. Be2 Bc5 5. c3 d6 6. O-O O-O {C44: Ponziani Opening and Scotch Gambit.} 7. Nbd2 (7. b4 {is more appropriate.} Bb6 8. Nbd2) 7... a5 $11 8. b3 Ba7 {Black has an edge.} 9. Bb2 {[#]} Nh5 $146 ({Predecessor:} 9... Re8 10. Qc2 d5 11. Rfe1 Bg4 12. Bf1 Bh5 13. a3 d4 14. cxd4 Nxd4 15. Nxd4 Bxd4 16. Bxd4 Qxd4 {0-1 (75) Goroshkova,L (1979)-Goreskul,A (2221) Poltava 2010}) 10. d4 (10. g3 $11 {remains equal.}) 10... Nf4 $17 11. Nc4 Qf6 12. Re1 Bg4 (12... Qg6 13. g3) 13. d5 Ne7 {[%cal Oa5a4] Black is much more active.} 14. Ne3 Bxe3 15. fxe3 Nxe2+ 16. Qxe2 Qg6 17. Qf2 (17. Rf1 $17) 17... Qxe4 18. c4 a4 19. Rf1 f6 20. Ba3 (20. Rac1 {was necessary.}) 20... axb3 $19 21. axb3 Qd3 22. c5 Nxd5 23. cxd6 Qxe3 24. dxc7 {[#] And now Qxe3 would win.} Qxf2+ 25. Kxf2 Rfc8 ({Weaker is} 25... Nxc7 26. Bxf8 Rxf8 27. Ra7 $11) 26. Bd6 Rxa1 ({But not} 26... Nxc7 $2 27. Rxa8 Nxa8 28. Bb4 $19) 27. Rxa1 Nxc7 28. Nd2 Nb5 29. Bb4 Be6 30. Ra5 Nd4 31. Ra7 Bd5 ({Don't blunder} 31... Nxb3 $2 32. Rxb7 Rc2 33. Ke3 $19) 32. Nc4 Nxb3 33. Nd6 (33. Ne3 $142 Be4 34. Bd6) 33... Rc2+ 34. Ke3 {[#] White threatens Ra8+ and mate.} h6 {Weighted Error Value: White=0.43/Black=0.10 (very precise)} 0-1

[Event "35th Cannes FIJ Open 2022"]
[Site "Cannes"]
[Date "2022.02.23"]
[Round "4.3"]
[White "Bellahcene, Bilel"]
[Black "Boyer, Mahel"]
[Result "1/2-1/2"]
[WhiteElo "2509"]
[BlackElo "2407"]
[Annotator "TA"]
[PlyCount "96"]
[EventDate "2022.02.21"]
[EventType "swiss"]
[EventCountry "FRA"]
[SourceTitle "playchess.com"]
[Source "ChessBase"]
[SourceQuality "1"]

{[%evp 16,96,19,12,13,4,31,23,35,36,33,26,25,0,0,0,0,-32,0,0,0,0,114,-4,-18,-52,-43,-54,-65,-52,-40,-56,-61,-50,0,0,0,-77,-87,-72,-99,-97,-104,-83,0,0,0,-211,-166,-181,-164,-179,-179,-162,-166,-133,-102,-90,-92,-116,-44,-50,-36,-93,-93,-93,-86,-125,-59,-71,-8,-276,0,0,0,0,0,0,0,0,0,0,0]} 1. e4 e6 2. d4 d5 3. Nc3 Nf6 4. e5 Nfd7 5. f4 c5 6. Nf3 Nc6 7. Be3 a6 8. a3 cxd4 9. Nxd4 Bc5 {C11: French: Classical System: 4 e5 and 4 Bg5 dxe4.} 10. Qd2 g5 11. f5 Nxd4 {White has an edge.} 12. Bxd4 Bxd4 13. Qxd4 Qb6 $1 {[#]} 14. Qd2 $146 (14. Qxb6 $11 Nxb6 15. O-O-O) ({Predecessor:} 14. Qxb6 Nxb6 15. fxe6 fxe6 16. h4 g4 17. Bd3 Nd7 18. O-O Ke7 19. Rae1 b5 20. Rf4 {½-½ (26) Svidler,P (2714)-Nepomniachtchi,I (2792) Paris 2021}) 14... Qxb2 $15 15. Rb1 Qxa3 16. Be2 $1 Nxe5 (16... h6 $5 {[%cal Ra3c5]}) 17. Qd4 $1 Qd6 18. h4 g4 (18... exf5 $2 19. Rb6 Qb8 20. Nxd5 $18) (18... Qc7 $11) 19. O-O (19. fxe6 $16 fxe6 20. Ne4 (20. Rb6 Qc7 $17)) 19... O-O $1 $11 (19... exf5 $2 20. Rb6 Qb8 21. Nxd5 $18) 20. Ne4 Qd8 21. f6 dxe4 (21... Nc6 22. Qe3 Kh8 23. Nd6 $1 $18 {[%mdl 512]}) 22. Qxe5 {White wants to mate with Qg5+.} Qd5 23. Qf4 Qc5+ 24. Kh2 Qh5 (24... Kh8 $15) 25. Kg3 Kh8 26. Qg5 (26. Qxe4 $11 Rb8 27. Bd3 (27. Qxg4 $2 Qe5+ 28. Kh3 Rg8 $19)) 26... Qxg5 $17 27. hxg5 Rg8 $1 28. Rbd1 {[#]} b5 $1 (28... Rxg5 $6 29. Rd8+ Rg8 30. Rfd1 $11) 29. Rh1 {[#]} Rxg5 (29... e5 $1 $17 30. c4 Be6) 30. Rh6 $11 e5 31. c4 $2 (31. Rh5 $1 $11 Rg6 32. Rd8+ Rg8 33. Rd1) 31... Be6 32. Rdh1 Bf5 {aiming for ...Bg6.} (32... Bxc4 $2 33. Rxh7+ Kg8 34. Rh8#) 33. cxb5 axb5 34. Bxb5 Ra3+ 35. Kh4 Rg6 36. Rxg6 Bxg6 $17 {[%mdl 4096] Endgame KRB-KRB} (36... hxg6 $2 37. Bc4 Ra7 38. Rb1 $17) 37. Kg5 Ra8 (37... h5 $17 {And now ...Kh7 would win.} 38. Kh6 Ra8) 38. Kh6 $15 Rg8 {White must now prevent ...e3.} 39. Bd7 (39. Bc4 $1 $15) 39... e3 $17 {...Be4 is the strong threat.} 40. Bxg4 Bd3 41. Bh5 Rxg2 (41... e2 $17 42. g4 Rd8) 42. Ra1 $1 $15 Rg8 ({Not} 42... Bc4 43. Ra5 $17) ({Black should try} 42... Be4 $17 {Hoping for ...Rf2.} 43. Rd1 e2 44. Rd8+ Rg8 45. Rxg8+ Kxg8 46. Bxe2 Kf8) 43. Ra5 $2 {[%mdl 8192]} (43. Bxf7 $11 {and White is okay.} e2 44. Bxg8 Kxg8 45. Kg5) 43... Re8 $2 ({Worse is} 43... e2 44. Rxe5 Rg3 45. Re8+ (45. Bxf7 $2 Rh3+ 46. Kg5 h6+ 47. Kg4 Rh1 $19) 45... Rg8 46. Re5 $11) (43... e4 $19 {Strongly threatening ...e2.} 44. Ra2 Bc4) 44. Ra7 $1 $11 {The position is equal.} e2 45. Re7 Rxe7 46. fxe7 {[%cal Re7e8]} Bb5 47. Bxe2 Be8 48. Bd3 Bd7 {Whites escaped into a draw.  Weighted Error Value: White=0.29 (precise) /Black=0.24 (precise)} 1/2-1/2

[Event "35th Cannes FIJ Open 2022"]
[Site "Cannes"]
[Date "2022.02.23"]
[Round "4.4"]
[White "Valsecchi, Alessio"]
[Black "Girel, Joseph"]
[Result "1/2-1/2"]
[WhiteElo "2524"]
[BlackElo "2394"]
[Annotator "TA"]
[PlyCount "101"]
[EventDate "2022.02.21"]
[EventType "swiss"]
[EventCountry "FRA"]
[SourceTitle "playchess.com"]
[Source "ChessBase"]
[SourceQuality "1"]

{[%evp 9,101,-66,-65,-75,-76,-92,-108,-100,-95,-114,-65,-52,-52,-63,-54,-101,-73,-102,-84,-93,-72,-142,-135,-127,-130,-128,-135,-142,164,164,168,150,184,163,158,152,229,13,11,16,11,12,178,167,340,341,533,76,485,59,53,51,49,10,4,4,6,17,204,191,182,18,16,33,138,122,245,234,231,247,447,416,452,131,147,0,0,0,0,0,0,0,0,0,0,0,0,0,0,0,0,0,0,0]} 1. c4 e6 2. Nf3 d5 3. d4 Nf6 {[%cal Bg8f6,Bf6d5,Bd5c3][%mdl 32]} 4. Nc3 a6 {[#]} 5. g4 $146 ({Predecessor:} 5. c5 g6 6. Bf4 Bg7 7. h3 Nc6 8. e3 O-O 9. Be2 Ne4 10. O-O Qe7 11. Bh2 Rd8 12. Qc2 Nxc3 13. Qxc3 {0-1 (50) Shankland,S (2708)-Maghsoodloo,P (2706) Kolkata 2021}) 5... dxc4 6. g5 {D37: Queen's Gambit Declined: 5 Bf4.} Nd5 7. e4 Nxc3 8. bxc3 {Black is better.} b5 9. Ne5 Bb7 (9... Bd6 $17 10. Be3 O-O) 10. Qf3 $15 {[%csl Ge5][%cal Rf3f7]} Qe7 11. Rb1 $1 {[%cal Oa2a4]} c5 12. Bg2 (12. g6 $1 $15 fxg6 13. Bg5 $1 {[%mdl 512]}) 12... Nc6 13. Nxc6 Bxc6 14. O-O O-O-O 15. a4 (15. Be3 $142) 15... cxd4 $17 16. axb5 axb5 17. cxd4 Rxd4 {Threatens to win with ...Rd3.} 18. Be3 Bxe4 $2 {[%mdl 8192]} 19. Qg3 $18 Bxg2 (19... Bxb1 20. Bxd4 Bc2 21. Ra1) 20. Rxb5 Qd6 {Prevents Qb8+.} (20... Bxf1 $2 21. Qb8+ Kd7 22. Bxd4 $18) 21. Qxg2 Rd5 22. Rb6 {[%mdl 1024] White has strong compensation. White is more active.} Qc7 (22... Qe5 $16) 23. Ra6 $2 (23. Ra1 $18 Bc5 24. Rb5) 23... Qb7 $11 24. Ra7 Qc6 25. Qg4 {aiming for Rfa1.} h5 $2 (25... Bb4 $11 {and Black is okay.}) 26. gxh6 $1 $18 gxh6 (26... Rxh6 {is a better defense.} 27. Bxh6 Bc5 28. Rxf7 gxh6) 27. Rfa1 Bc5 (27... Bd6 $142 28. R1a6 Qb5) 28. Rxf7 $2 (28. Ra8+ Kb7 29. Rxh8 Bxe3 $11) (28. Bxc5 $18 {Intending Ra8+ and mate.} Rxc5 29. Ra8+ Kb7 30. R1a7+ (30. Rxh8 Rg5 $17) 30... Kb6 31. Ra6+ Kb5 32. Rxc6 Rxa8 33. Rxc5+ Kxc5 34. Qh5+ Kb4 35. Qxf7) 28... Kb8 {[%mdl 8192]} (28... Re8 $16 29. Qxc4 Rd7) 29. Rb1+ $2 ({White should play} 29. Qxc4 $18 Rg8+ 30. Kf1) 29... Kc8 $14 {...Bxe3 is the strong threat.} 30. Bf4 {[%csl Gf4][%cal Rb1b8]} (30. Qg3 Bb4 $11) 30... Bb6 31. Ra1 {[%cal Og4e6]} (31. Rxb6 $5 Qxb6 32. Qg7 $16 (32. Rc7+ $2 Qxc7 33. Bxc7 Rg5 $19)) 31... Ra5 32. Re1 {Dancing on a razor blade.} Re8 33. Bg3 $40 {[%mdl 128] White is up to no good.} Ra7 $2 (33... Rg5 $11 {and Black has nothing to worry.} 34. Qe2 Ra5) 34. Rf4 $18 Ra4 35. Rfe4 $2 (35. Rc1 $1 $18) 35... Kb7 $1 $11 36. Rc1 {[%cal Re4c4]} Re7 (36... Rg8 $14 37. Qf4 (37. Qxg8 Qxe4 38. Qb8+ Ka6 $11) 37... Rf8 38. Rexc4 (38. Qxf8 Qxe4 39. Qb8+ Ka6 $11) 38... Rxc4 39. Qxc4 Qxc4 40. Rxc4 h5) 37. Rexc4 Rxc4 (37... Rf7 $16 {was worth a try.}) 38. Rxc4 $18 Qd5 {[#]} 39. Rc1 $1 Qf5 $2 (39... h5 40. Qg8 Qd8) 40. Qb4 Rg7 {[#] ( -> ...Qxf2+)} 41. Qb2 (41. Qc3 $1 $18 {[%cal Rc3g7] is the precise move to win.} Bxf2+ 42. Kg2) 41... e5 $16 42. Qa2 (42. Rd1 $16 {Hoping for Rd6.} Qf6 43. Kf1) 42... Qf3 $1 $11 {The position is equal.} 43. Ra1 {White wants to mate with Qa8+.} Rxg3+ 44. hxg3 Qxg3+ {[%mdl 4096] Endgame KQR-KQB} 45. Kf1 Qd3+ 46. Kg2 Qg6+ 47. Kh2 Qh5+ 48. Kg1 {White threatens Qd5+ and mate.} Qg6+ 49. Kf1 Qd3+ 50. Ke1 {Black must now prevent Qa8+.} Qe4+ 51. Kf1 {Black defended with fortune.  Weighted Error Value: White=0.59/Black=0.54} 1/2-1/2

[Event "35th Cannes FIJ Open 2022"]
[Site "Cannes"]
[Date "2022.02.23"]
[Round "4.5"]
[White "Razafindratsima, Timothe"]
[Black "Pantzar, Milton"]
[Result "1-0"]
[WhiteElo "2386"]
[BlackElo "2422"]
[Annotator "TA"]
[PlyCount "53"]
[EventDate "2022.02.21"]
[EventType "swiss"]
[EventCountry "FRA"]
[SourceTitle "playchess.com"]
[Source "ChessBase"]
[SourceQuality "1"]

{[%evp 14,52,26,27,24,20,51,33,17,31,63,67,46,-14,0,0,-10,-10,172,172,164,148,185,179,166,181,364,356,650,637,928,899,923,924,901,531,29997,29998,29998,29999,29999]} 1. e4 {Duda,Jan Krzysztof} c6 2. d4 d5 3. Nd2 dxe4 4. Nxe4 Nf6 5. Nxf6+ exf6 6. c3 Bd6 7. Bd3 O-O 8. Qc2 {Active counter play!} Re8+ {B15: Caro-Kann: 3 Nc3: 3...g6 and 3...dxe4 4 Nxe4 Nf6 5 Nxf6+ exf6.} 9. Ne2 h5 {[%cal Bh7h5,Bh5g4,Bg4g3][%mdl 32]} 10. Be3 Nd7 {White is slightly better.} 11. O-O-O b5 12. d5 c5 {[#]} 13. g4 $146 (13. Bxb5 $14 Rb8 14. c4) ({Predecessor:} 13. Bxb5 Rb8 14. c4 a6 15. Ba4 Re7 16. Ng3 Ne5 17. Ne4 Reb7 18. b3 Rb4 19. Bd2 Rxa4 20. bxa4 {1-0 (63) Duda,J (2757)-Carlsen,M (2863) Stavanger 2020 CBM 199 [Duda,Jan Krzysztof]}) 13... hxg4 14. h3 g3 {Threatening ...Rb8.} 15. Rhg1 c4 $2 {This move loses the game for Black.} (15... gxf2 $1 $11 16. Bxf2 Rb8) 16. Bh7+ $18 Kh8 17. Nxg3 {[%cal Og3f5] Strongly threatening Nf5!} Ne5 {Threatens to win with ...g6.} (17... g6 $2 18. Bxg6 $1 {[%mdl 512]} Rxe3 19. fxe3 $18) 18. Nh5 Bf8 {[#]} (18... g6 $2 19. Bxg6 $1 {[%mdl 512]} Bd7 20. Bxf7 $1 $18 {[%mdl 512]}) 19. Bd4 $1 {f4 is the strong threat.} b4 $2 (19... f5) 20. f4 b3 $2 (20... Nd3+ 21. Bxd3 cxd3 22. Qxd3 bxc3 23. Nxf6 cxb2+ 24. Kb1 Qxf6 25. Bxf6 $18) (20... Qd6 21. Be4 bxc3) 21. axb3 cxb3 22. Qf2 g6 {[#]} 23. Bxg6 $1 {[%mdl 512]} fxg6 {[#]} 24. Qh4 $1 g5 (24... Nf3 25. Bxf6+) 25. Nxf6+ {[%mdl 64] Discovered Attack. White mates.} Kg7 26. Qh7+ {[%mdl 64] Skewer} Kxf6 27. fxg5# {Weighted Error Value: White=0.30/Black=0.96} 1-0

[Event "35th Cannes FIJ Open 2022"]
[Site "Cannes"]
[Date "2022.02.23"]
[Round "4.6"]
[White "Nihal Sarin"]
[Black "Navrotescu, Andreea"]
[Result "1-0"]
[WhiteElo "2656"]
[BlackElo "2229"]
[Annotator "TA"]
[PlyCount "55"]
[EventDate "2022.02.21"]
[EventType "swiss"]
[EventCountry "FRA"]
[SourceTitle "playchess.com"]
[Source "ChessBase"]
[SourceQuality "1"]

{[%evp 9,55,0,0,-5,16,-18,0,-30,0,0,0,0,9,10,9,-9,-7,-9,-9,-8,95,107,232,245,593,370,458,366,391,392,389,384,400,378,382,383,389,389,372,344,386,386,541,547,518,530,995,952]} 1. d4 d5 2. Nf3 Nf6 3. Bf4 c5 4. e3 Nc6 5. Nbd2 Qb6 {[%csl LRb2,LRd4][%cal Rc5d4]} 6. dxc5 {D02: 1 d4 d5 2 Nf3 sidelines, including 2...Nf6 3 g3 and 2...Nf6 3 Bf4.} Qxb2 7. Rb1 Qc3 8. Bb5 {The position is equal.} g6 (8... e6 $5 {[%cal Rf8c5]}) 9. e4 dxe4 10. Be5 Qa5 {[#]} (10... Qxc5 11. Bxf6 exf6 12. Nxe4 $16) 11. O-O $1 $36 {[%cal Od2e4][%mdl 2048] White has some pressure.} exf3 {[#]} 12. Nc4 $146 ({Predecessor:} 12. Qxf3 Qxb5 13. Bxf6 Qxf1+ 14. Kxf1 exf6 15. Qxf6 Rg8 16. Ne4 Be7 17. Nd6+ Bxd6 18. cxd6 {½-½ (25) Nabaty,T (2649)-Duda,J (2756) Terme Catez 2021}) 12... Qd8 (12... Qxa2 $2 13. Qxf3 (13. Ra1 $2 Qxc4 14. Bxc4 Nxe5 $19) 13... Bg7 14. Bxc6+ Kf8 15. Bb5 $18 (15. Bxb7 Bxb7 16. Qxb7 Re8 $16)) 13. Bxc6+ bxc6 14. Qxf3 Qd5 {[#]} (14... Bg4 $1 $11 {remains equal.} 15. Qxc6+ Bd7) 15. Nd6+ $1 $16 {[%mdl 1024] White has strong compensation.} Kd7 {[#] Black cannot hold the game after this.} (15... exd6 $16 16. Qxf6 Rg8 17. cxd6 Qe6) 16. Qc3 $1 $18 Bg7 $2 {[#]} (16... exd6 {is a better chance.} 17. Bxf6 Qxc5 18. Qxc5 (18. Bxh8 Qxc3 19. Bxc3 d5 $14) 18... dxc5) 17. Rfd1 $1 Rb8 {[#] ...Rxb1 is the strong threat.} (17... exd6 18. Bxf6) 18. Ra1 exd6 19. Bxf6 {Chess con chili.} Bxf6 20. Qxf6 Qxc5 {And now ...Rf8 would win.} 21. Qxf7+ ({But not} 21. Qxh8 Kc7 22. Qf6 (22. Qxh7 Be6 $18) 22... Be6 23. Qe7+ Bd7 24. Qxf7 Qxc2 25. Qxh7 Rf8 $18) 21... Kd8 {Threatens to win with ...Bd7.} 22. Qf6+ Kc7 23. Qxh8 Bd7 24. Qxh7 Rf8 25. Qh4 Qxc2 (25... a5 {was necessary.} 26. Rab1 Qxc2) 26. Rac1 {White is clearly winning.} ({Weaker is} 26. Qe7 Qxf2+ 27. Kh1 Qf4 $16) 26... Qb2 27. Rb1 Qxa2 28. Ra1 {Weighted Error Value: White=0.15 (very precise) /Black=0.65} ({Not} 28. Qe7 Qxf2+ 29. Kh1 Qf4 $16) 1-0

[Event "35th Cannes FIJ Open 2022"]
[Site "Cannes"]
[Date "2022.02.23"]
[Round "4.7"]
[White "Basso, Pier Luigi"]
[Black "Mathieu, Phileas"]
[Result "1/2-1/2"]
[WhiteElo "2600"]
[BlackElo "2323"]
[Annotator "TA"]
[PlyCount "100"]
[EventDate "2022.02.21"]
[EventType "swiss"]
[EventCountry "FRA"]
[SourceTitle "playchess.com"]
[Source "ChessBase"]
[SourceQuality "1"]

{[%evp 19,100,51,52,52,53,42,56,45,47,34,87,55,68,76,66,61,56,58,69,73,58,60,68,67,56,20,31,31,29,29,33,19,20,21,18,9,16,16,29,16,121,121,121,129,150,161,161,146,146,146,161,161,161,161,271,281,297,356,348,341,344,8,8,8,8,8,8,8,8,0,0,0,0,0,0,0,0,-8,0,0,0,0,0]} 1. d4 Nf6 2. c4 g6 3. g3 Bg7 4. Bg2 O-O 5. Nc3 d6 6. Nf3 Nbd7 7. O-O e5 8. e4 c6 9. h3 Qc7 10. Be3 a6 11. Qc2 {E69: King's Indian: Fianchetto: 6...Nbd7 7 0-0 e5 8 e4 c6 9 h3.} b6 12. dxe5 dxe5 13. b4 {White is slightly better.} Bb7 {[#]} 14. Nd2 $146 {[%cal Bf3d2,Bd2b3,Bb3a5][%mdl 32]} ({Predecessor:} 14. Rfd1 Rfd8 15. Rd2 Rac8 16. Rad1 a5 17. bxa5 bxa5 18. c5 Ba6 19. Na4 Re8 20. Nb6 Nxb6 21. cxb6 {1-0 (30) Moran,D (2084)-Nieto Guillermo,L (1839) Bogota 2010}) 14... Rfd8 (14... a5 $1 $14) 15. c5 {White is more active.} b5 16. Nb3 Nf8 17. Rfd1 Ne6 18. Ne2 h5 19. Na5 Rxd1+ 20. Rxd1 Rd8 $1 21. Rxd8+ Nxd8 22. h4 Bc8 23. f3 Nb7 24. Nxb7 Qxb7 25. Kh2 Qc7 26. Qd2 Be6 27. Bh3 Bxh3 28. Kxh3 Kh7 29. Nc1 {[%cal Be2c1,Bc1b3,Bb3a5][%mdl 32]} Qd7+ (29... Qc8+ $11 30. Kg2 Ne8) 30. Qxd7 $16 Nxd7 {[%mdl 4096] Endgame KBN-KBN} 31. Nb3 $1 Bh6 32. Bxh6 Kxh6 {KN-KN} 33. Na5 Nb8 34. Nb7 Kg7 35. g4 Kf6 36. Kg3 Ke6 {[#]} (36... Ke7 {was called for.} 37. Kf2 f6) 37. f4 $1 $18 exf4+ 38. Kxf4 hxg4 39. Kxg4 f6 {[#]} 40. Kf4 (40. Kf3 $1 $18 {Hoping for Na5.} Kd7 41. Na5) 40... g5+ $1 $11 {The position is equal.} 41. hxg5 fxg5+ 42. Kxg5 Ke5 43. a3 Nd7 44. Nd6 a5 45. Nf5 axb4 46. axb4 Kxe4 {[%cal Od7c5] ...Nxc5! is the strong threat.} 47. Ne7 Nxc5 48. Nxc6 Nd3 49. Na7 Nxb4 50. Nxb5 Ke5 {White really could win this.  Weighted Error Value: White=0.19 (very precise) /Black=0.13 (very precise)} 1/2-1/2

[Event "35th Cannes FIJ Open 2022"]
[Site "Cannes"]
[Date "2022.02.23"]
[Round "4.8"]
[White "Krzyzanowski, Marcin"]
[Black "Pigeat, Alexandre"]
[Result "1-0"]
[WhiteElo "2523"]
[BlackElo "2314"]
[Annotator "TA"]
[PlyCount "89"]
[EventDate "2022.02.21"]
[EventType "swiss"]
[EventCountry "FRA"]
[SourceTitle "playchess.com"]
[Source "ChessBase"]
[SourceQuality "1"]

{[%evp 13,89,25,33,5,50,51,59,54,50,52,46,40,46,19,23,18,19,0,5,-15,51,70,77,47,70,59,79,80,83,66,77,68,87,59,87,72,123,122,102,78,83,81,115,115,120,119,127,131,181,181,233,234,252,247,265,245,330,332,418,428,415,422,393,189,595,590,617,607,472,259,458,458,1066,974,29977,29978,6079,4618]} 1. d4 d5 2. c4 e6 3. Nf3 a6 4. cxd5 exd5 5. Bf4 Nf6 6. Nc3 Be7 7. e3 O-O 8. Bd3 {D37: Queen's Gambit Declined: 5 Bf4.} h6 (8... Nh5 $11) 9. Rc1 $14 {[#]} c5 $146 ({Predecessor:} 9... c6 10. h3 Nbd7 11. O-O Re8 12. Bb1 Nf8 13. a3 b5 14. Ne5 Bd7 15. Kh1 Rc8 {1-0 (31) Suba,M (2416)-Sasu Ducsoara,A (2170) Porto 2014}) 10. dxc5 {White is slightly better.} Bxc5 11. O-O Nc6 12. Bb1 {[%cal Oc3d5]} Ba7 13. Ne5 Re8 14. Nxc6 bxc6 15. Na4 {[%cal Bc3a4,Ba4c5,Bc5d3,Bd3b4][%mdl 32]} Bg4 16. Qd3 Qc8 ({Black should play} 16... d4 $11) 17. Nc5 Bb8 18. f3 Bh5 19. Qd4 {White is more active.} Bg6 20. Bxg6 fxg6 21. Bxb8 Qxb8 22. Nd3 Qb7 23. Rc3 g5 {[%cal Og5g4]} 24. Rfc1 Qe7 ({Better is} 24... Rac8) 25. Nb4 (25. Rxc6 $6 Qxe3+ 26. Qxe3 Rxe3 $11) 25... c5 26. Qxc5 Qxc5 27. Rxc5 Rxe3 28. Rc8+ (28. Nxd5 $6 Nxd5 29. Rxd5 Re2 $11) 28... Rxc8 29. Rxc8+ $16 {[%mdl 4096] Endgame KRN-KRN} Kf7 30. Kf2 {To avoid Re1} (30. Nxa6 $6 Re2 $11) 30... Re5 (30... d4 $16 31. Rc7+ (31. Nxa6 Nd5 $16) 31... Ke8) 31. Rc7+ $18 (31. Nxa6 $6 g4 $16) 31... Kg6 (31... Kg8 {is a better defense.} 32. Nxa6 g4) 32. Ra7 ({Resist} 32. Nxa6 $6 g4 $16) 32... g4 33. Nd3 (33. Rxa6 gxf3 34. Kxf3 Kf5 $16) 33... Re8 34. Rxa6 Kf5 35. b4 {[%cal Bb2b4,Bb4b5,Bb5b6][%mdl 32]} g5 36. b5 gxf3 37. gxf3 g4 38. Ra4 (38. b6 $142) 38... Kg5 $2 {[#]} (38... gxf3 {is more resistant.} 39. Rf4+ (39. Kxf3 Re4 $16) 39... Ke6 40. Kxf3 (40. Rxf3 d4 $16) 40... Ne4) 39. b6 gxf3 40. h4+ Kf5 41. Rf4+ (41. b7 $142 {aiming for Ra8.} Rb8 42. Rb4) 41... Kg6 $2 (41... Ke6 {might work better.} 42. a4 (42. Kxf3 Nd7 $18) (42. Rxf3 Ng4+ 43. Kg2 Rb8 $16) 42... Ne4+ 43. Kxf3 Rb8) 42. Rb4 Re2+ (42... Ne4+ $142 43. Kxf3 Nd2+ 44. Kf2 Rb8) 43. Kxf3 Rxa2 44. Ne5+ Kf5 {[#]} 45. b7 $1 {Weighted Error Value: White=0.18 (very precise) /Black=0.66} 1-0

[Event "35th Cannes FIJ Open 2022"]
[Site "Cannes"]
[Date "2022.02.24"]
[Round "5.1"]
[White "Maurizzi, Marc Andria"]
[Black "Godena, Michele"]
[Result "0-1"]
[WhiteElo "2502"]
[BlackElo "2442"]
[Annotator "TA"]
[PlyCount "66"]
[EventDate "2022.02.21"]
[EventType "swiss"]
[EventCountry "FRA"]
[SourceTitle "playchess.com"]
[Source "ChessBase"]
[SourceQuality "1"]

{[%evp 9,66,13,35,16,34,16,19,16,16,10,23,17,11,11,11,11,14,18,17,12,13,10,8,19,22,0,42,49,47,37,71,18,41,22,6,0,0,-30,0,0,157,158,170,39,94,86,83,61,84,4,113,-468,-447,-891,-887,-1596,-1475,-29996,-29997]} 1. d4 d5 2. c4 dxc4 3. Nf3 Nf6 4. e3 a6 5. Bxc4 b5 6. Be2 {D25: Queen's Gambit Accepted: 4 e3: sidelines and 4...Bg4.} Bb7 7. O-O e6 8. a4 {The position is equal.} b4 9. Nbd2 {9.b3 is more fashionable.} Nbd7 10. Nc4 Be7 11. b3 O-O 12. Bb2 c5 13. Nfe5 cxd4 14. Bxd4 Rc8 15. Rc1 Bd5 16. Nxd7 Nxd7 17. Qd2 {[#]} Rc7 $146 (17... a5 $11) ({Predecessor:} 17... Nc5 18. Qb2 Bf6 19. Bxf6 Qxf6 20. Qxf6 gxf6 21. Nb6 Rc7 22. Nxd5 exd5 23. Rc2 a5 {0-1 (50) Gelfand,B (2741)-Karjakin,S (2760) Moscow 2010}) 18. a5 $14 Bxc4 19. Bxc4 Rc6 20. Bb2 {This bishop pair is nice.} (20. Be2 $16 Rxc1 21. Qxc1 (21. Rxc1 Qxa5 22. Bxg7 Kxg7 $14)) 20... Nb8 21. Qe2 Qxa5 22. f4 Nd7 23. e4 Rfc8 24. f5 {[#] Strongly threatening fxe6.} Nf8 (24... e5 $11) 25. Qg4 $16 {[%csl Gb2][%cal Rg4g7]} f6 {[%cal Oc6c4]} 26. fxe6 $40 {[%mdl 128] White has some attack.} (26. e5 $1 $18 {[%cal Re5f6] aiming for exf6.} Kh8 27. Rce1 (27. fxe6 fxe5 28. Rf7 Ng6 $16) (27. exf6 Bxf6 28. Bxf6 gxf6 $16)) 26... Ng6 ({Black should play} 26... Rxc4 $1 $14 27. Rxc4 Rxc4 28. bxc4 Qc5+ 29. Kh1 Qxc4) 27. Rcd1 Rxc4 28. bxc4 Qa2 {[#]} 29. Rd2 (29. Qe2 $1 $16) 29... Ne5 (29... a5 $1 $11 {keeps the balance.}) 30. Bxe5 $4 {[%mdl 8192] This costs White the game.} Qxd2 $19 31. Bxf6 (31. Qf3 $142 Rxc4 32. h3) 31... Bxf6 (31... Qe3+ $2 32. Kh1 Bxf6 33. e7 $18) 32. e7 Qd4+ 33. Rf2 Qa1+ {Weighted Error Value: White=0.88/Black=0.26 (precise)} 0-1